| 000 | 00630cab a22002055a 4500 | ||
|---|---|---|---|
| 001 | L156762 | ||
| 008 | 120710e20120203xxkd f 000 0 eng d | ||
| 035 | _a(Sirsi) u156762 | ||
| 041 | 0 | _aeng | |
| 100 | 1 | _aMoone, Brian | |
| 245 | 0 | 4 | _aThe effects of BIM |
| 260 | _c2012 | ||
| 490 | 0 |
_aBuilding _v277 (8735) 6 July 2012, 50(1) |
|
| 520 | _aLooks at the increase in collaborative technology and how it can result in lower lead times particularly for trades involved in off-site manufacture. | ||
| 590 | _aKA | ||
| 651 | 4 |
_aUnited Kingdom _y |
|
| 690 |
_aBIM _96219 |
||
| 690 |
_aConstruction management _96230 |
||
| 942 | _n0 | ||
| 999 |
_c84145 _d84145 |
||